Motivation for the Implementation of Technological Innovations in Hotels in the Bratislava Region
Skúmanie úrovne implementácie technologických inovácií v hoteloch nachádzajúcich sa v Bratislavskom kraji. Motivácia hotelov investovať do technológií. Význam technologických inovácií pre hotely - získanie viac informácií o klientoch, zrýchlenie a skvalitnenie práce, transparentnosť procesov, väčšia...
Guardado en:
| Autor principal: | |
|---|---|
| Otros Autores: | , |
| Formato: | Capítulo de libro |
| Lenguaje: | inglés |
| Materias: | |
| Etiquetas: |
Sin Etiquetas, Sea el primero en etiquetar este registro!
|
MARC
| LEADER | 00000naa$a2200000$$$4500 | ||
|---|---|---|---|
| 001 | 0288390 | ||
| 005 | 20240502083921.6 | ||
| 041 | 0 | |a eng | |
| 044 | |a CZ | ||
| 245 | 1 | 0 | |a Motivation for the Implementation of Technological Innovations in Hotels in the Bratislava Region |c Dana Benešová, Iveta Fodranová, Viera Kubičková |
| 520 | |a Skúmanie úrovne implementácie technologických inovácií v hoteloch nachádzajúcich sa v Bratislavskom kraji. Motivácia hotelov investovať do technológií. Význam technologických inovácií pre hotely - získanie viac informácií o klientoch, zrýchlenie a skvalitnenie práce, transparentnosť procesov, väčšia konkurencieschopnosť. | ||
| 610 | 2 | 0 | |a inovácie technologické |
| 610 | 2 | 0 | |a implementácia |
| 610 | 2 | 0 | |a hotely |
| 610 | 2 | 0 | |a motivácia |
| 610 | 2 | 0 | |a regióny |
| 610 | 2 | 0 | |a ruch cestovný |
| 610 | 2 | 0 | |a Slovensko |
| 100 | 1 | |a Benešová, Dana, 1958- | |
| 700 | 1 | |a Fodranová, Iveta, 1959- | |
| 700 | 1 | |a Kubičková, Viera, 1970- | |